Central Library OPAC University of Rajshahi

মেজদিদি / (Record no. 38116)

MARC details
000 -LEADER
fixed length control field 00715nam a22002057a 4500
001 - CONTROL NUMBER
control field 38116
003 - CONTROL NUMBER IDENTIFIER
rucl marc code BD-RjUL
005 - DATE AND TIME OF LATEST TRANSACTION
control field 20211209052729.0
008 - FIXED-LENGTH DATA ELEMENTS--GENERAL INFORMATION
fixed length control field 150912b1952 ii ||||| |||| 00| f ben d
035 ## - SYSTEM CONTROL NUMBER
System control number (BD-RjUL)38221
040 ## - CATALOGING SOURCE
Original cataloging agency BD-RjUL
Language of cataloging eng
Transcribing agency BD-RjUL
041 ## - LANGUAGE CODE
Language code of text/sound track or separate title eng
082 ## - DEWEY DECIMAL CLASSIFICATION NUMBER
Classification number 891.443
Author mark and year CHM 1952
100 ## - MAIN ENTRY--PERSONAL NAME
Personal name চট্রোপাধ্যায়, শরৎ
9 (RLIN) 117972
245 ## - TITLE STATEMENT
Title মেজদিদি /
Statement of responsibility, etc. শরৎ চট্রোপাধ্যায়
260 ## - PUBLICATION, DISTRIBUTION, ETC. (IMPRINT)
Place of publication, distribution, etc. কলিকাতা :
Name of publisher, distributor, etc. ইন্ডিয়া এ্যাসোসিয়েশন,
Date of publication, distribution, etc. ১৯৫২
300 ## - PHYSICAL DESCRIPTION
Pagination ১২২ পৃ. ;
Size ২১ সেমি.
650 ## - SUBJECT ADDED ENTRY--TOPICAL TERM
Topical term or geographic name as entry element Bengali
Form subdivision fiction
9 (RLIN) 117533
942 ## - ADDED ENTRY ELEMENTS (KOHA)
Source of classification or shelving scheme Dewey Decimal Classification
Koha item type Books
Holdings
Lost status Source of classification or shelving scheme Damaged status Not for loan Collection code Permanent Location Current Location Shelving location Date acquired Source of acquisition Cost, normal purchase price Total Checkouts Full call number Date last seen Date checked out Copy number Koha item type
  Dewey Decimal Classification     Fiction Central Library, University of Rajshahi Central Library, University of Rajshahi   16/12/1961 Forooq Library, Rajshahi 2.38 2 B 891.443 CHM 1952 20/01/2020 04/12/2019 C-2 Books